000 00478nam a2200181Ia 4500
001 11779
005 20260306162853.0
008 260306t2022||||xx |||||||||||||| ||spa||
041 _aESP
082 _aHR 150
_bENE-DIC 2022 RPHP
110 _aSociedad Peruana de Historia de la Psicología
245 0 _aRevista peruana de historia de la psicología
260 _c2022
300 _a88 páginas :
_c24 cm.
650 _aGEN
654 _aCPS
942 _cREV
_dJUS
_fJUS
_2ddc
_n
999 _c11779
_d11779